Statistics for Countries Most Likely To Suffer From a Natural Disaster

Click here to take the quiz!

General Stats

  • This quiz has been taken 785 times
  • The average score is 9 of 20

Answer Stats

Risk Country Continent % Correct
14.10%JapanAsia
88%
13.56%FijiOceania
73%
12.28%ChileS. America
66%
36.43%VanuatuOceania
65%
27.52%PhilippinesAsia
65%
28.23%TongaOceania
64%
18.11%Solomon IslandsOceania
60%
15.90%Papua New GuineaOceania
58%
20.88%GuatemalaN. America
49%
14.89%NicaraguaN. America
48%
12.81%VietnamAsia
47%
16.94%Costa RicaN. America
47%
16.85%El SalvadorN. America
45%
19.81%BangladeshAsia
42%
12.15%JamaicaN. America
36%
16.90%CambodiaAsia
29%
16.37%East TimorAsia
24%
15.58%BruneiAsia
16%
16.18%MauritiusAfrica
14%
13.09%Guinea-BissauAfrica
1%

Score Distribution

Percentile by Number Answered

Percent of People with Each Score

Your Score History

You have not taken this quiz